Na jakim kontynencie leży te Państwo #3 - Statystyki

Ogólne statystyki
  • Ten quiz został rozwiązany 76 razy
  • Średni wynik to 4 z 5
Statystyki odpowiedzi
Zagadnienie Odpowiedź % Poprawnych
Na jakim kontynencie leży Tajlandia Azja
98%
Na jakim kontynencie leży Albania Europa
97%
Na jakim kontynencie leż Rwanda Afryka
86%
Na jakim kontynencie leży Antigua i Barbuda Ameryka Północna
66%
Na jakim kontynencie leży Surinam Ameryka Południowa
63%
Nie znaleziono quizów pasujących do podanych kryteriów
Rozkład punktacji
Procent ludzi z każdym wynikiem
Percentyl według liczby udzielonych odpowiedzi
Twoja historia wyników
Nie rozwiązałeś tego quizu